000 01038cab a2200229 4500
001 L136457
008 070201n2007 000 0 eng u
035 _a(Sirsi) u136457
041 0 _aeng
110 2 _aAssociation of Retirement Housing Managers
_93599
245 0 0 _aDisability, discrimination and residential premises
_h[electronic resource]
260 _aLondon
_bLEASE
_c2007
520 _aProvides an overview of disability discrimination with relation to housing. Gives descriptions of forms of discrimination and the legal liability of employers as well as duties and reasonable adjustments.
590 _aKA
650 2 4 _aDISABILITY DISCRIMINATION ACT 2005
650 2 4 _aDISABILITY DISCRIMINATION ACT 1995
650 2 4 _aDISABILITY DISCRIMINATION (PREMISES) REGULATIONS 2006
651 4 _aEngland and Wales
_y1543-
690 _aMANAGEMENT-BUSINESS MANAGEMENT-DISCRIMINATION-DISABILITY DISCRIMINATION
856 4 0 _uhttps://www.lease-advice.org/
_zView the document free of charge at www.lease-advice.org...
942 _n0
999 _c78302
_d78302